| 000 | 00487nam a2200169Ia 4500 | ||
|---|---|---|---|
| 999 |
_c18855 _d18855 |
||
| 082 | _aRD.0191 | ||
| 100 | _aDhesi, Autar S. | ||
| 245 | 0 |
_aQuantitative analysis of demand for higher education _b: |
|
| 260 |
_c0 _bICSSR, New Delhi |
||
| 300 | _a406p. | ||
| 650 | _aEDUCATION, HIGHER | ||
| 650 | _aEDUCATION, HIGHER - ECONOMIC ASPECTS | ||
| 650 | _aLABOUR SUPPLY - EFFECT OF EDUCATION ON | ||
| 650 | _aEDUCATIONAL SOCIOLOGY | ||
| 710 | _aGuru Nanak Dev University | ||
| 942 |
_cRP _2ddc |
||